Plant tissue culture and molecular biology: Applications and prospects (Record no. 41496)

MARC details
000 -LEADER
fixed length control field 00465nam a2200145Ia 4500
082 ## - DEWEY DECIMAL CLASSIFICATION NUMBER
Classification number 57.085.23:577.2
Item number SRI
245 #0 - TITLE STATEMENT
Title Plant tissue culture and molecular biology: Applications and prospects
260 ## - PUBLICATION, DISTRIBUTION, ETC. (IMPRINT)
Place of publication New Delhi
Name of publisher Narosa Publishing House
Year of publication 1998
650 ## - SUBJECT ADDED ENTRY--TOPICAL TERM
Topical Term In vitro fertilization
650 ## - SUBJECT ADDED ENTRY--TOPICAL TERM
Topical Term Medicinal plants conservation
650 ## - SUBJECT ADDED ENTRY--TOPICAL TERM
Topical Term Transgenic interactions
700 ## - ADDED ENTRY--PERSONAL NAME
Personal name Srivastava, P S
942 ## - ADDED ENTRY ELEMENTS (KOHA)
Koha item type Books
Holdings
Withdrawn status Lost status Damaged status Not for loan Home library Current library Date acquired Cost, normal purchase price Full call number Accession Number Koha item type
        RRII Library RRII Library 16/12/2021 680.00 57.085.23:577.2 SRI 21782 Books